000 00964nam a2200253Ia 4500
003 OSt
005 20220923214138.0
006 a|||||r|||| 00| 0
007 ta
008 220922b |||||||| |||| 00| 0 hin d
024 _a167,322
037 _cTextual
040 _aARTS
_cARTS
_bhin
041 _2hin
_ahin
082 _aO152,1J91:g, L5
100 _aशर्मा, बलराज
_9156290
245 0 _aनरहरदास बारहट कृत पौरूषेय रामायण का अलोचनात्मक अध्ययन
246 _aNaraharadās bārahaṭ kṛut paurūṣheya rāmāyaṇ kā alochanātmak adhyayana
260 _aदिल्ली
_b आर्य बुक डिपों
_c1975
300 _a392 पृ.
_ccm.
650 _aहिन्दी साहित्य
_9156264
942 _hO152,1J91:g, L5
_cTEXL
_2CC
999 _c321801
_d321801